000 01284cam a2200301 a 4500
001 000007321
005 20200929154131.0
008 960122s1993 ck a b f000 0 spa
020 _z9586120856
020 _a9586121763
035 _a(DLC) 96104701
040 _aDO-SdBNP
_bspa
_cBNPHU
_dDLC
082 _a910.09861
_bR846d
100 1 _aRothlisberger, Ernst,
_d1858-1926.
_920355
245 1 0 _aEl Dorado /
_cErnst Rothlisberger ; prólogo, Jorge Orlando Melo G.
246 3 0 _aDorado
260 _a[Bogotá] :
_bRepública de Colombia ;
_bNación-Presidencia de la Republica ;
_bComisión Preparatoria para el V Centenario del Descubrimiento de América ;
_bInstituto Colombia de Cultura ;
_bBiblioteca Nacional de Colombia,
_cc1993.
300 _a501 p. :
_bil. ;
_c24 cm.
490 1 _aBiblioteca V Centenario Colcultura.
_aViajeros por Colombia
504 _aIncluye referencias bibliográficas.
651 4 _aColombia
_xDescripcionesy Viajes
_920356
651 4 _aColombia
_xVida Social Y Costumbres
_918000
600 1 0 _aRothlisberger, Ernst,
_d1858-1926
_xVIAJE
_zCOLOMBIA.
_920357
700 1 _aMelo G., Jorge Orlando,
_epról.
_920358
830 0 _aBiblioteca V Centenario Colcultura,
_pViajeros por Colombia
_920309
910 _aCatalogación por copia / LC
049 _aBNGR
999 _c7102
_d7102